000 00612cam a22002053a 4500
001 37898
003 PGUSA
005 20140828083831.0
008 111101s2011||||xxu|||||s|||||000 | eng d
040 _aPGUSA
_beng
042 _adc
245 1 4 _aThe Diplomatic Correspondence of the American Revolution :
_bVolume 7.
_h[electronic resource] /
_cVarious
260 _bProject Gutenberg,
_c2011
506 _aPublic domain in the USA.
516 _aElectronic text
700 1 _aSparks, Jared,
_d1789-1866
830 0 _aProject Gutenberg
_v37898
856 4 0 _uhttp://www.gutenberg.org/ebooks/37898
942 _cEB
999 _c267152
_d267152